Conversations with God, book 1 : an uncommon dialogue (Record no. 4650)

MARC details
000 -LEADER
fixed length control field 00721nam a22002177a 4500
003 - CONTROL NUMBER IDENTIFIER
control field OSt
005 - DATE AND TIME OF LATEST TRANSACTION
control field 20251002084518.0
008 - FIXED-LENGTH DATA ELEMENTS--GENERAL INFORMATION
fixed length control field 251002b |||||||| |||| 00| 0 eng d
020 ## - INTERNATIONAL STANDARD BOOK NUMBER
International Standard Book Number 0-7336-1195-8
040 ## - CATALOGING SOURCE
Original cataloging agency DWCL-Main lib
Transcribing agency OC
082 ## - DEWEY DECIMAL CLASSIFICATION NUMBER
Classification number Circ. 133.93 W223 1995
100 ## - MAIN ENTRY--PERSONAL NAME
Personal name Walsch, N.D.
245 ## - TITLE STATEMENT
Title Conversations with God, book 1 : an uncommon dialogue
Remainder of title an uncommon dialogue
Statement of responsibility, etc. WALSCH, NEALE DONALD
260 ## - PUBLICATION, DISTRIBUTION, ETC.
Place of publication, distribution, etc. Australia :
Name of publisher, distributor, etc. Hodder,
Date of publication, distribution, etc. c1995
300 ## - PHYSICAL DESCRIPTION
Extent 211 pages :
Dimensions 21 cm.
650 ## - SUBJECT ADDED ENTRY--TOPICAL TERM
Source of heading or term God-miscellanea
650 ## - SUBJECT ADDED ENTRY--TOPICAL TERM
Source of heading or term Imaginary conversations
650 ## - SUBJECT ADDED ENTRY--TOPICAL TERM
Source of heading or term Private revelations
650 ## - SUBJECT ADDED ENTRY--TOPICAL TERM
Source of heading or term Spiritual life
942 ## - ADDED ENTRY ELEMENTS (KOHA)
Source of classification or shelving scheme Dewey Decimal Classification
Koha item type Book Circulation
Classification part Circ. 133.93 W223 1995
Call number prefix Circ.
Suppress in OPAC No
952 ## - LOCATION AND ITEM INFORMATION (KOHA)
--
Holdings
Withdrawn status Lost status Source of classification or shelving scheme Damaged status Not for loan Home library Current library Shelving location Date acquired Source of acquisition Total Checkouts Full call number Barcode Date last seen Copy number Price effective from Koha item type Uniform Resource Identifier
    Dewey Decimal Classification     College Library College Library Circulation 12/16/2005 Donation   Circ. 133.93 W223 1995 42606 10/02/2025 c1 10/02/2025 BK-CIRC